| 000 | 00581nam a2200205 a 4500 | ||
|---|---|---|---|
| 001 | 18877 | ||
| 003 | CO-ViMGA | ||
| 008 | 141112s2004 ck r 000 u spa d | ||
| 020 | _a8474326842 | ||
| 040 |
_aCO-ViMGA _bspa _cCO-ViMGA |
||
| 082 | 0 | 4 | _a778.53 S456 |
| 100 | 1 |
_aSimpson, Robert _927000 |
|
| 245 | 1 | 0 | _aManual Práctico para producción audiovisual |
| 260 |
_aBarcelona : _bGedisa; 1998 |
||
| 300 | _a477 p. | ||
| 490 | _aMultimedia; 18 | ||
| 590 | _aForma de adquisición : Premio mincultura | ||
| 650 | 1 | 4 |
_aMATERIALES AUDIOVISUALES - MANUALES _927001 |
| 942 |
_2ddc _cBK |
||
| 999 |
_c28104 _d28104 |
||